[Event "Manresa op 35th"]
[Site "Manresa"]
[Date "2008.08.18"]
[Round "7"]
[White "Mekhitarian, Krikor Sevag"]
[Black "Corrales Jimenez, Fidel"]
[Result "1/2-1/2"]
[WhiteElo "2504"]
[BlackElo "2504"]
[PlyCount "125"]
[EventDate "2008.08.12"]
[EventType "swiss"]
[EventRounds "9"]
[EventCountry "ESP"]
[SourceTitle "CBM 125 Extra"]
[Source "ChessBase"]
[SourceDate "2008.09.01"]
[SourceVersion "1"]
[SourceVersionDate "2008.09.01"]
[SourceQuality "1"]

1. e4 c5 2. Nf3 Nc6 3. d4 cxd4 4. Nxd4 Nf6 5. Nc3 e5 6. Ndb5 d6 7. Bg5 a6 8.
Na3 b5 9. Bxf6 gxf6 10. Nd5 f5 11. Bd3 Be6 12. O-O Bxd5 13. exd5 Ne7 14. Re1
Bg7 15. c3 O-O 16. Qh5 e4 17. Bf1 Rc8 18. Nc2 Rc5 19. Ne3 Qc8 20. g3 f4 21.
gxf4 f5 22. Rad1 Rf6 23. Kh1 Qf8 24. Be2 Bh6 25. Rg1+ Kh8 26. Rg5 Bxg5 27. fxg5
Rg6 28. f4 exf3 29. Bxf3 Qg7 30. h4 Qe5 31. Re1 Qg3 32. Ng2 Rc7 33. Bd1 Ng8 34.
Qf3 Qxf3 35. Bxf3 Re7 36. Ra1 Rgg7 37. Nf4 Re5 38. a4 bxa4 39. Rxa4 Rb7 40. Ra2
Re1+ 41. Kg2 Rc1 42. Kg3 Rb6 43. Be2 Rc2 44. Bxa6 Rbxb2 45. Rxb2 Rxb2 46. Bd3
Rb3 47. Bxf5 Rxc3+ 48. Kg4 h6 49. Be6 hxg5 50. Kxg5 Rg3+ 51. Kf5 Nh6+ 52. Kf6
Rf3 53. Kg5 Kh7 54. Nh5 Ng8 55. Bxg8+ Kxg8 56. Nf6+ Kf7 57. Ne4 Ke7 58. h5 Rd3
59. h6 Rxd5+ 60. Kg6 Rd1 61. h7 Rh1 62. Ng3 Rxh7 63. Kxh7 1/2-1/2

[Event "Manresa op 35th"]
[Site "Manresa"]
[Date "2008.08.19"]
[Round "8"]
[White "Babaev, Rashad"]
[Black "Mekhitarian, Krikor Sevag"]
[Result "1/2-1/2"]
[WhiteElo "2484"]
[BlackElo "2504"]
[PlyCount "29"]
[EventDate "2008.08.12"]
[EventType "swiss"]
[EventRounds "9"]
[EventCountry "ESP"]
[SourceTitle "CBM 125 Extra"]
[Source "ChessBase"]
[SourceDate "2008.09.01"]
[SourceVersion "1"]
[SourceVersionDate "2008.09.01"]
[SourceQuality "1"]

1. e4 c5 2. Nf3 e6 3. d4 cxd4 4. Nxd4 Nf6 5. Nc3 d6 6. Be2 a6 7. a4 Be7 8. O-O
O-O 9. f4 Nc6 10. Kh1 Bd7 11. Be3 Rc8 12. Nb3 Na5 13. Nxa5 Qxa5 14. Qd3 Bc6 15.
Bf3 1/2-1/2

[Event "Barcelona Sants op 10th"]
[Site "Barcelona"]
[Date "2008.08.23"]
[Round "2"]
[White "Blodstein, Boris"]
[Black "Mekhitarian, Krikor Sevag"]
[Result "0-1"]
[WhiteElo "2213"]
[BlackElo "2504"]
[PlyCount "86"]
[EventDate "2008.08.22"]
[EventType "swiss"]
[EventRounds "10"]
[EventCountry "ESP"]
[SourceTitle "CBM 126 Extra"]
[Source "ChessBase"]
[SourceDate "2008.11.05"]
[SourceVersion "1"]
[SourceVersionDate "2008.11.05"]
[SourceQuality "1"]

1. e4 c5 2. Nf3 d6 3. d4 cxd4 4. Nxd4 Nf6 5. Nc3 a6 6. Bg5 e6 7. f4 Qc7 8. Qf3
b5 9. O-O-O b4 10. Nce2 Bb7 11. Ng3 Nbd7 12. Bd3 Rc8 13. Kb1 Nc5 14. Bxf6 gxf6
15. f5 e5 16. Nb3 Rg8 17. Nxc5 Qxc5 18. Nf1 a5 19. Ne3 a4 20. Bc4 Rc7 21. b3
axb3 22. cxb3 Bh6 23. Nd5 Bxd5 24. Rxd5 Qe3 25. Rxd6 Qxf3 26. gxf3 Ke7 27. Rdd1
Be3 28. Rhe1 Bd4 29. Re2 Rcc8 30. Rc2 h5 31. Bd5 Rc3 32. f4 h4 33. fxe5 Bxe5
34. Rcd2 Bf4 35. Bxf7 Kxf7 36. Rd7+ Kf8 37. Rd8+ Kg7 38. Rg1+ Bg3 39. Rd4 Rgc8
40. Rg2 h3 41. Re2 Rc1+ 42. Kb2 Rg1 43. Red2 Be5 0-1

[Event "Barcelona Sants op 10th"]
[Site "Barcelona"]
[Date "2008.08.24"]
[Round "3"]
[White "Mekhitarian, Krikor Sevag"]
[Black "Van Eijk, Sander"]
[Result "1-0"]
[WhiteElo "2504"]
[BlackElo "2315"]
[PlyCount "85"]
[EventDate "2008.08.22"]
[EventType "swiss"]
[EventRounds "10"]
[EventCountry "ESP"]
[SourceTitle "CBM 126 Extra"]
[Source "ChessBase"]
[SourceDate "2008.11.05"]
[SourceVersion "1"]
[SourceVersionDate "2008.11.05"]
[SourceQuality "1"]

1. e4 c5 2. Nf3 Nc6 3. d4 cxd4 4. Nxd4 Qb6 5. Nb3 Nf6 6. Nc3 e6 7. Be3 Qc7 8.
f4 Bb4 9. Bd3 d6 10. O-O Bxc3 11. bxc3 e5 12. f5 d5 13. Qf3 O-O 14. exd5 e4 15.
Bxe4 Ne5 16. Qf4 Re8 17. Bd4 Bd7 18. Rfe1 Nfg4 19. g3 Qd6 20. h3 Nh6 21. g4 f6
22. Nc5 b6 23. Ne6 Nhf7 24. h4 Rac8 25. Rad1 Nc4 26. Qxd6 Ncxd6 27. Kf2 Nb5 28.
Re3 Nfd6 29. Bg2 Nxd4 30. Rxd4 Rc4 31. Rxc4 Nxc4 32. Rg3 Nd6 33. c4 Rc8 34. c5
Bxe6 35. dxe6 Rxc5 36. Rd3 Ne8 37. Rd8 Kf8 38. Bd5 Rxc2+ 39. Ke3 Rc5 40. Rd7 g6
41. h5 gxf5 42. h6 f4+ 43. Kxf4 1-0

[Event "Barcelona Sants op 10th"]
[Site "Barcelona"]
[Date "2008.08.25"]
[Round "4"]
[White "Lorenzo de la Riva, Lazaro"]
[Black "Mekhitarian, Krikor Sevag"]
[Result "1-0"]
[WhiteElo "2367"]
[BlackElo "2504"]
[PlyCount "99"]
[EventDate "2008.08.22"]
[EventType "swiss"]
[EventRounds "10"]
[EventCountry "ESP"]
[SourceTitle "CBM 126 Extra"]
[Source "ChessBase"]
[SourceDate "2008.11.05"]
[SourceVersion "1"]
[SourceVersionDate "2008.11.05"]
[SourceQuality "1"]

1. e4 c5 2. Nf3 d6 3. d4 cxd4 4. Nxd4 Nf6 5. Nc3 Bd7 6. f3 e5 7. Nb3 Bc6 8. Bg5
Nbd7 9. Qd2 Be7 10. O-O-O O-O 11. h4 a5 12. Kb1 a4 13. Nc1 Ra5 14. Qf2 d5 15.
exd5 Nxd5 16. Nxd5 Bxd5 17. Bd2 Ra8 18. Bc3 Be6 19. Bxe5 Qa5 20. Bc3 Qc7 21.
Bb5 Nf6 22. a3 Rfc8 23. Bd4 Qa5 24. Bd3 Rc6 25. Rhe1 Rac8 26. Re5 Qc7 27. Rb5
Bd6 28. c3 Bg3 29. Qc2 Ra8 30. Bxf6 gxf6 31. Bxh7+ Kg7 32. Be4 Rb6 33. Rxb6
Qxb6 34. Bf5 Qf2 35. Qxf2 Bxf2 36. Bxe6 fxe6 37. h5 f5 38. g4 Kf6 39. Nd3 Bg3
40. Rg1 Bh4 41. f4 e5 42. g5+ Kg7 43. Nxe5 Rd8 44. Kc2 Bf2 45. Rd1 Rxd1 46.
Kxd1 Be3 47. Nd3 Kf7 48. Ke2 Bg1 49. Ne5+ Kg7 50. Nc4 1-0

[Event "Barcelona Sants op 10th"]
[Site "Barcelona"]
[Date "2008.08.26"]
[Round "5"]
[White "Mekhitarian, Krikor Sevag"]
[Black "Humphrey, Jonathan"]
[Result "1-0"]
[WhiteElo "2504"]
[BlackElo "2289"]
[PlyCount "117"]
[EventDate "2008.08.22"]
[EventType "swiss"]
[EventRounds "10"]
[EventCountry "ESP"]
[SourceTitle "CBM 126 Extra"]
[Source "ChessBase"]
[SourceDate "2008.11.05"]
[SourceVersion "1"]
[SourceVersionDate "2008.11.05"]
[SourceQuality "1"]

1. e4 c5 2. Nf3 d6 3. d4 cxd4 4. Nxd4 Nf6 5. Nc3 a6 6. Be3 e5 7. Nb3 Be6 8. Qd2
Nbd7 9. O-O-O Be7 10. f4 b5 11. f5 Bc4 12. Kb1 Rc8 13. Bxc4 Rxc4 14. Qd3 O-O
15. Nd2 Nc5 16. Bxc5 Rxc5 17. Nd5 Nxd5 18. exd5 f6 19. Ne4 Rc4 20. b3 Rd4 21.
Qe3 Rxd1+ 22. Rxd1 Qd7 23. g4 Rb8 24. h4 b4 25. Qd3 Qb5 26. Qf3 Rf8 27. g5 Qd7
28. Rf1 a5 29. Kb2 a4 30. gxf6 Bxf6 31. h5 h6 32. Qg4 a3+ 33. Kb1 Qb5 34. Rg1
Qb7 35. Rd1 Qb6 36. Qg1 Qc7 37. Qg4 Qb6 38. Rg1 Qb7 39. Nxd6 Qxd5 40. Rd1 Qc6
41. Ne4 Rd8 42. Rxd8+ Bxd8 43. Qe2 Qd7 44. Qd2 Qxd2 45. Nxd2 Kf7 46. Ne4 Bg5
47. c3 bxc3 48. Kc2 Bd2 49. b4 Ke7 50. Nxd2 cxd2 51. Kxd2 Kd6 52. Ke3 Kd5 53.
Kd3 e4+ 54. Ke3 Ke5 55. b5 Kd5 56. b6 Kc6 57. Kxe4 Kxb6 58. Kd5 Kb5 59. Ke6 1-0

[Event "Barcelona Sants op 10th"]
[Site "Barcelona"]
[Date "2008.08.27"]
[Round "6"]
[White "Diamant, Andre"]
[Black "Mekhitarian, Krikor Sevag"]
[Result "1/2-1/2"]
[WhiteElo "2393"]
[BlackElo "2504"]
[PlyCount "51"]
[EventDate "2008.08.22"]
[EventType "swiss"]
[EventRounds "10"]
[EventCountry "ESP"]
[SourceTitle "CBM 126 Extra"]
[Source "ChessBase"]
[SourceDate "2008.11.05"]
[SourceVersion "1"]
[SourceVersionDate "2008.11.05"]
[SourceQuality "1"]

1. c4 Nf6 2. Nc3 d5 3. cxd5 Nxd5 4. Nf3 g6 5. g3 Bg7 6. Bg2 O-O 7. d4 Nc6 8.
O-O Nb6 9. e3 Re8 10. d5 Na5 11. Nd4 Bd7 12. a4 c5 13. dxc6 Bxc6 14. Nxc6 bxc6
15. Qc2 Nd5 16. Rd1 Nb4 17. Qe4 Qb6 18. Bd2 Nb3 19. a5 Nxd2 20. Rxd2 Qc5 21.
Rad1 Qxa5 22. Qc4 e6 23. Rd7 Nd5 24. Qxc6 Rac8 25. Qb7 Rb8 26. Qxa7 1/2-1/2

[Event "Barcelona Sants op 10th"]
[Site "Barcelona"]
[Date "2008.08.28"]
[Round "7"]
[White "Mekhitarian, Krikor Sevag"]
[Black "Nezad, Husein Aziz"]
[Result "1-0"]
[WhiteElo "2504"]
[BlackElo "2372"]
[PlyCount "63"]
[EventDate "2008.08.22"]
[EventType "swiss"]
[EventRounds "10"]
[EventCountry "ESP"]
[SourceTitle "CBM 126 Extra"]
[Source "ChessBase"]
[SourceDate "2008.11.05"]
[SourceVersion "1"]
[SourceVersionDate "2008.11.05"]
[SourceQuality "1"]

1. e4 e5 2. Nf3 Nc6 3. Bb5 f5 4. d3 fxe4 5. dxe4 Nf6 6. O-O Bc5 7. Bxc6 bxc6 8.
Nxe5 O-O 9. Nc3 d6 10. Nxc6 Qe8 11. Nd4 Nxe4 12. Nxe4 Qxe4 13. c3 Re8 14. f3
Qh4 15. Rf2 Be6 16. b3 Bd5 17. Qd2 a5 18. Bb2 a4 19. c4 Bf7 20. Rd1 axb3 21.
axb3 Ra2 22. Qc3 Qf6 23. h3 h6 24. b4 Bxd4 25. Rxd4 c5 26. bxc5 dxc5 27. Rg4
Qxc3 28. Bxc3 Rxf2 29. Rxg7+ Kf8 30. Kxf2 Bxc4 31. Rc7 Re2+ 32. Kg1 1-0

[Event "Barcelona Sants op 10th"]
[Site "Barcelona"]
[Date "2008.08.29"]
[Round "8"]
[White "Postny, Evgeny"]
[Black "Mekhitarian, Krikor Sevag"]
[Result "1-0"]
[WhiteElo "2661"]
[BlackElo "2504"]
[PlyCount "81"]
[EventDate "2008.08.22"]
[EventType "swiss"]
[EventRounds "10"]
[EventCountry "ESP"]
[SourceTitle "CBM 126 Extra"]
[Source "ChessBase"]
[SourceDate "2008.11.05"]
[SourceVersion "1"]
[SourceVersionDate "2008.11.05"]
[SourceQuality "1"]

1. d4 Nf6 2. c4 g6 3. f3 d5 4. cxd5 Nxd5 5. e4 Nb6 6. Nc3 Bg7 7. Be3 O-O 8. Qd2
Nc6 9. O-O-O e5 10. d5 Nd4 11. f4 c5 12. fxe5 Bg4 13. Re1 Bxe5 14. h3 Bd7 15.
Nf3 Nxf3 16. gxf3 f5 17. Bg5 Qc7 18. f4 Bxc3 19. Qxc3 fxe4 20. Rxe4 Rf7 21. Re5
c4 22. Qd4 Qd6 23. Rh2 Rc8 24. Rc2 Qc5 25. Qxc5 Rxc5 26. Bg2 Kg7 27. d6 Rxe5
28. fxe5 Rf5 29. Be3 Be6 30. Bxb7 Kf7 31. Rf2 Rxf2 32. Bxf2 Nd7 33. Bxa7 Nxe5
34. a4 Bxh3 35. a5 Bd7 36. Bd5+ Be6 37. Bg2 Bc8 38. Bd4 Nd3+ 39. Kd2 Nf4 40.
Bc6 Ke6 41. a6 1-0

[Event "Barcelona Sants op 10th"]
[Site "Barcelona"]
[Date "2008.08.30"]
[Round "9"]
[White "Mekhitarian, Krikor Sevag"]
[Black "Aloma Vidal, Roberto"]
[Result "1-0"]
[WhiteElo "2504"]
[BlackElo "2388"]
[PlyCount "83"]
[EventDate "2008.08.22"]
[EventType "swiss"]
[EventRounds "10"]
[EventCountry "ESP"]
[SourceTitle "CBM 126 Extra"]
[Source "ChessBase"]
[SourceDate "2008.11.05"]
[SourceVersion "1"]
[SourceVersionDate "2008.11.05"]
[SourceQuality "1"]

1. e4 c5 2. Nf3 d6 3. d4 cxd4 4. Nxd4 Nf6 5. Nc3 g6 6. Be3 Bg7 7. f3 Nc6 8. Qd2
O-O 9. O-O-O d5 10. Kb1 Nxd4 11. e5 Nf5 12. exf6 Bxf6 13. Nxd5 Qxd5 14. Qxd5
Nxe3 15. Qd3 Nxd1 16. Qxd1 Be6 17. Bb5 Rac8 18. Qe2 a6 19. Ba4 Bc4 20. Qe3 Rfd8
21. Bb3 Rd6 22. Bxc4 Rxc4 23. c3 Rc7 24. Kc2 Rcd7 25. g4 Bh4 26. f4 Re6 27. Qf3
Red6 28. Qg2 g5 29. f5 Kg7 30. Rf1 b5 31. Qe2 e6 32. Rf3 exf5 33. Rxf5 Re6 34.
Qf3 h6 35. Kb3 Be1 36. Rd5 Rde7 37. Rd8 b4 38. Qa8 bxc3 39. Rg8+ Kf6 40. Qf3+
Ke5 41. Rd8 Rb6+ 42. Ka3 1-0

[Event "Barcelona Sants op 10th"]
[Site "Barcelona"]
[Date "2008.08.31"]
[Round "10"]
[White "Gullaksen, Eirik Tvedt"]
[Black "Mekhitarian, Krikor Sevag"]
[Result "0-1"]
[WhiteElo "2387"]
[BlackElo "2504"]
[PlyCount "66"]
[EventDate "2008.08.22"]
[EventType "swiss"]
[EventRounds "10"]
[EventCountry "ESP"]
[SourceTitle "CBM 126 Extra"]
[Source "ChessBase"]
[SourceDate "2008.11.05"]
[SourceVersion "1"]
[SourceVersionDate "2008.11.05"]
[SourceQuality "1"]

1. e4 c5 2. Nf3 d6 3. d4 cxd4 4. Nxd4 Nf6 5. Nc3 e6 6. Bc4 Be7 7. O-O O-O 8. a3
Nc6 9. Ba2 a6 10. Kh1 Bd7 11. f4 Rc8 12. Be3 Na5 13. e5 dxe5 14. fxe5 Ne8 15.
Qh5 Nc4 16. Bxc4 Rxc4 17. Rf3 g6 18. Qh6 f5 19. exf6 Nxf6 20. h3 Nh5 21. Rd1
Rxf3 22. gxf3 Qe8 23. Rg1 Ng7 24. Bf2 e5 25. Nb3 Bc6 26. Nd2 Rf4 27. Bg3 Nf5
28. Bxf4 Nxh6 29. Bxh6 Qd7 30. Kh2 Qf5 31. Nce4 Bxe4 32. fxe4 Qh5 33. Be3 Qe2+
0-1

[Event "Moratalaz op 21st"]
[Site "Madrid"]
[Date "2008.09.20"]
[Round "1"]
[White "Mekhitarian, Krikor Sevag"]
[Black "Rojas Pozo, Jose Luis"]
[Result "1-0"]
[WhiteElo "2504"]
[BlackElo "1907"]
[PlyCount "75"]
[EventDate "2008.09.20"]
[EventType "swiss"]
[EventRounds "9"]
[EventCountry "ESP"]
[SourceTitle "EXT 2009"]
[Source "ChessBase"]
[SourceDate "2008.11.26"]
[SourceVersion "1"]
[SourceVersionDate "2008.11.26"]
[SourceQuality "1"]

1. e4 c5 2. Nf3 d6 3. d4 cxd4 4. Nxd4 Nf6 5. Nc3 a6 6. Be3 Ng4 7. Bg5 h6 8. Bc1
Nf6 9. Be2 e5 10. Nb3 b5 11. O-O Be7 12. Bf3 Be6 13. Re1 Nbd7 14. a4 b4 15. Nd5
Bxd5 16. exd5 a5 17. Bd2 Qb6 18. c3 bxc3 19. Bxc3 O-O 20. Nd2 Rfc8 21. Ra3 Nc5
22. Nc4 Qc7 23. Bxe5 Nce4 24. Bxf6 Nxf6 25. Rc3 Qa7 26. b3 Bf8 27. h4 Rab8 28.
h5 Rc7 29. Rce3 Rcb7 30. R1e2 Rb4 31. Rd2 Nd7 32. Be4 Nb6 33. Qg4 Nxc4 34. bxc4
Rxc4 35. Bh7+ Kxh7 36. Qxc4 Rb4 37. Qc2+ g6 38. Rg3 1-0

[Event "Moratalaz op 21st"]
[Site "Madrid"]
[Date "2008.09.23"]
[Round "4"]
[White "Rubio Mejia, Luis Ignacio"]
[Black "Mekhitarian, Krikor Sevag"]
[Result "0-1"]
[WhiteElo "2386"]
[BlackElo "2504"]
[PlyCount "172"]
[EventDate "2008.09.20"]
[EventType "swiss"]
[EventRounds "9"]
[EventCountry "ESP"]
[SourceTitle "EXT 2009"]
[Source "ChessBase"]
[SourceDate "2008.11.26"]
[SourceVersion "1"]
[SourceVersionDate "2008.11.26"]
[SourceQuality "1"]

1. d4 Nf6 2. c4 g6 3. Nc3 d5 4. cxd5 Nxd5 5. e4 Nxc3 6. bxc3 Bg7 7. Nf3 c5 8.
Rb1 O-O 9. Be2 Nc6 10. d5 Ne5 11. Nxe5 Bxe5 12. Qd2 e6 13. f4 Bc7 14. O-O exd5
15. exd5 Ba5 16. d6 Rb8 17. Bf3 b5 18. Bb2 Bf5 19. Rbd1 c4 20. Rfe1 Bd3 21. Ba3
b4 22. Bxb4 Bxb4 23. cxb4 Qxd6 24. a3 a5 25. Be4 axb4 26. Bxd3 cxd3 27. Qxd3
Qb6+ 28. Kh1 b3 29. Rb1 Rfd8 30. Qc3 Qf2 31. Rf1 Qc2 32. Qe5 Re8 33. Qd5 Qe4
34. Qxe4 Rxe4 35. Rb2 Ra4 36. Ra1 Rxf4 37. a4 Rc4 38. a5 Rc2 39. Rab1 Rxb2 40.
Rxb2 g5 41. h3 h5 42. a6 Kg7 43. a7 Ra8 44. Rxb3 Rxa7 45. h4 gxh4 46. Kh2 Ra4
47. Rb5 Kg6 48. Rb6+ Kg5 49. Rb8 Ra5 50. Rf8 f6 51. Kh3 Ra3+ 52. Kh2 f5 53.
Rg8+ Kf4 54. Rh8 Kg5 55. Rg8+ Kf4 56. Rh8 h3 57. Rxh5 hxg2 58. Kxg2 Ra2+ 59.
Kg1 Kg4 60. Rh8 Kg3 61. Rg8+ Kf3 62. Rb8 Ra1+ 63. Kh2 Ra2+ 64. Kg1 Ra1+ 65. Kh2
Re1 66. Rb3+ Kf2 67. Rb2+ Re2 68. Rb4 Kf3+ 69. Kh3 Re3 70. Ra4 Kf2+ 71. Kh2 Kf3
72. Kh3 f4 73. Rb4 Re4 74. Rb3+ Kf2 75. Rb2+ Re2 76. Rb4 f3 77. Kh2 Kf1+ 78.
Kh1 f2 79. Rb1+ Re1 80. Rb2 Re7 81. Kh2 Ke1 82. Rb1+ Ke2 83. Rb2+ Kf3 84. Rb3+
Re3 85. Rb1 Re1 86. Rb3+ Ke4 0-1

[Event "Moratalaz op 21st"]
[Site "Madrid"]
[Date "2008.09.24"]
[Round "5"]
[White "Mekhitarian, Krikor Sevag"]
[Black "Almagro Llamas, Pablo"]
[Result "0-1"]
[WhiteElo "2504"]
[BlackElo "2492"]
[PlyCount "196"]
[EventDate "2008.09.20"]
[EventType "swiss"]
[EventRounds "9"]
[EventCountry "ESP"]
[SourceTitle "EXT 2009"]
[Source "ChessBase"]
[SourceDate "2008.11.26"]
[SourceVersion "1"]
[SourceVersionDate "2008.11.26"]
[SourceQuality "1"]

1. e4 c6 2. d4 d5 3. e5 Bf5 4. Nf3 e6 5. Be2 Nd7 6. O-O h6 7. Nbd2 Ne7 8. Nb3
Qc7 9. a4 Bh7 10. a5 a6 11. g3 Nf5 12. c4 Be7 13. c5 g5 14. g4 Ng7 15. Bd3
O-O-O 16. Bxh7 Rxh7 17. h3 Rdh8 18. Kg2 h5 19. Rg1 hxg4 20. hxg4 f6 21. Qe2 f5
22. Kf1 f4 23. Bd2 Qd8 24. Qd3 Qg8 25. Kg2 Ne8 26. Rh1 Rxh1 27. Rxh1 Rxh1 28.
Kxh1 Nf8 29. Kg2 Ng6 30. Kf1 Qh7 31. Ke2 Nc7 32. Nc1 Qh6 33. Na2 Nh4 34. Nc3
Ng2 35. Ne1 Qh2 36. Nxg2 Qxg2 37. Qf3 Qg1 38. Be1 Bd8 39. b4 Kd7 40. Qh3 Kc8
41. Na4 Nb5 42. Nb6+ Bxb6 43. axb6 f3+ 44. Kd2 Qg2 45. Qh8+ Kd7 46. Qg7+ Ke8
47. Qg6+ Kd7 48. Qf7+ Kd8 49. Qxe6 Qf1 50. Qg8+ Ke7 51. Qxg5+ Ke8 52. Qg6+ Kd8
53. Qg8+ Ke7 54. Qh7+ Kd8 55. Qh8+ Kd7 56. Qg7+ Kd8 57. Qf8+ Kd7 58. Qxf3 Qc4
59. Qf7+ Kd8 60. Qf6+ Ke8 61. Qg6+ Kd8 62. Qf6+ Ke8 63. Qg6+ Kd8 64. Qd3 Qxb4+
65. Kd1 Qa4+ 66. Ke2 Nxd4+ 67. Kf1 Ne6 68. f3 Qf4 69. Qf5 Qxf5 70. gxf5 Nd4 71.
Bh4+ Ke8 72. e6 Nxf5 73. Bf6 Ng3+ 74. Kf2 Nh5 75. Bg5 Ng7 76. e7 Nf5 77. Ke2
Nxe7 78. Ke3 Kf7 79. Kd4 Ke6 80. Bd2 Kf5 81. Be1 Ng6 82. Ke3 Nf8 83. Bf2 Ne6
84. Ke2 a5 85. Be1 a4 86. Bb4 Ke5 87. Kd3 Kf4 88. Ke2 Nd4+ 89. Kd3 Nxf3 90. Bc3
Ne5+ 91. Kd4 Nd7 92. Bb4 Nf8 93. Bd2+ Kf5 94. Bb4 Ne6+ 95. Kd3 Ke5 96. Ba3 d4
97. Kc4 Ke4 98. Kb4 Kd3 0-1

[Event "Moratalaz op 21st"]
[Site "Madrid"]
[Date "2008.09.27"]
[Round "8"]
[White "Mekhitarian, Krikor Sevag"]
[Black "Elissalt Cardenas, Hector"]
[Result "1-0"]
[WhiteElo "2504"]
[BlackElo "2314"]
[PlyCount "35"]
[EventDate "2008.09.20"]
[EventType "swiss"]
[EventRounds "9"]
[EventCountry "ESP"]
[SourceTitle "EXT 2009"]
[Source "ChessBase"]
[SourceDate "2008.11.26"]
[SourceVersion "1"]
[SourceVersionDate "2008.11.26"]
[SourceQuality "1"]

1. e4 e6 2. d4 d5 3. Nc3 Bb4 4. e5 Ne7 5. a3 Bxc3+ 6. bxc3 O-O 7. Bd3 c5 8. Qh5
Nf5 9. Nf3 c4 10. g4 cxd3 11. gxf5 f6 12. Rg1 Qc7 13. Bh6 Qxc3+ 14. Kf1 Qxa1+
15. Ne1 exf5 16. Rxg7+ Kh8 17. Rxh7+ Kxh7 18. Bxf8+ 1-0

[Event "Winterthur op"]
[Site "Winterthur"]
[Date "2008.10.03"]
[Round "1"]
[White "Mekhitarian, Krikor Sevag"]
[Black "Gomez, Gustavo Pizzocaro"]
[Result "1-0"]
[WhiteElo "2504"]
[BlackElo "2076"]
[PlyCount "55"]
[EventDate "2008.10.03"]
[EventType "swiss"]
[EventRounds "9"]
[EventCountry "SUI"]
[SourceTitle "CBM 126 Extra"]
[Source "ChessBase"]
[SourceDate "2008.11.05"]
[SourceVersion "1"]
[SourceVersionDate "2008.11.05"]
[SourceQuality "1"]

1. e4 e5 2. Nf3 Nc6 3. Bb5 a6 4. Ba4 Nf6 5. O-O Be7 6. Re1 b5 7. Bb3 d6 8. c3
O-O 9. d4 Bg4 10. Be3 Bh5 11. h3 Qc8 12. Nbd2 Rd8 13. d5 Na5 14. Bc2 Nc4 15.
Nxc4 bxc4 16. Qe2 c6 17. dxc6 Qxc6 18. Rad1 Rab8 19. Bc1 Rb7 20. g4 Bg6 21. Nh4
Bxe4 22. Bxe4 Qxe4 23. Qxe4 Nxe4 24. Rxe4 d5 25. Nf5 Bf6 26. Re2 g6 27. g5 Bh8
28. Ne3 1-0

[Event "Winterthur op"]
[Site "Winterthur"]
[Date "2008.10.11"]
[Round "9"]
[White "Mekhitarian, Krikor Sevag"]
[Black "Di Berardino, Diego Rafael"]
[Result "1-0"]
[WhiteElo "2504"]
[BlackElo "2471"]
[PlyCount "81"]
[EventDate "2008.10.03"]
[EventType "swiss"]
[EventRounds "9"]
[EventCountry "SUI"]
[SourceTitle "CBM 126 Extra"]
[Source "ChessBase"]
[SourceDate "2008.11.05"]
[SourceVersion "1"]
[SourceVersionDate "2008.11.05"]
[SourceQuality "1"]

1. e4 c5 2. Nf3 d6 3. d4 cxd4 4. Nxd4 Nf6 5. Nc3 a6 6. Bc4 e6 7. Bb3 Be7 8. g4
O-O 9. g5 Nfd7 10. Bxe6 fxe6 11. Nxe6 Qe8 12. Nxf8 Bxf8 13. f4 Nc5 14. Be3 Nc6
15. Qf3 b5 16. Bxc5 dxc5 17. O-O Nd4 18. Qg2 Bb7 19. Rae1 c4 20. Nd5 Bc5 21.
Kh1 Qf7 22. f5 Re8 23. g6 hxg6 24. fxg6 Qd7 25. c3 Nc6 26. Rf7 Ne7 27. Qf3 Qe6
28. Qh5 Nxg6 29. Rxb7 Rf8 30. Qg5 Qh3 31. Qg2 Qh4 32. Re2 Qh6 33. Re1 Rf2 34.
Qg3 Qh5 35. Rb8+ Kh7 36. Rc8 Ne5 37. Rxc5 Qf3+ 38. Kg1 Rd2 39. Nf6+ gxf6 40.
Rc7+ Kh6 41. Qg7+ 1-0

[Event "WMSG Blitz Team 1st"]
[Site "Beijing"]
[Date "2008.10.13"]
[Round "1"]
[White "Mekhitarian, Krikor Sevag"]
[Black "Amir, Karim"]
[Result "1-0"]
[WhiteElo "2511"]
[BlackElo "2265"]
[PlyCount "109"]
[EventDate "2008.10.13"]
[EventType "tourn (blitz)"]
[EventRounds "11"]
[EventCountry "CHN"]
[SourceTitle "CBM 126 Extra"]
[Source "ChessBase"]
[SourceDate "2008.11.05"]
[SourceVersion "1"]
[SourceVersionDate "2008.11.05"]
[SourceQuality "1"]

1. e4 c5 2. Nf3 Nc6 3. d4 cxd4 4. Nxd4 Nf6 5. Nc3 e5 6. Ndb5 d6 7. Bg5 a6 8.
Na3 b5 9. Bxf6 gxf6 10. Nd5 Bg7 11. Bd3 Be6 12. O-O f5 13. Qh5 f4 14. c4 bxc4
15. Bxc4 O-O 16. Rac1 Rb8 17. b3 Kh8 18. Nxf4 Bxc4 19. Rxc4 Na5 20. Nd5 Nxc4
21. Nxc4 Qd7 22. Nce3 Qe6 23. Nf5 Qg6 24. Qxg6 hxg6 25. Nxd6 f5 26. Re1 Rbd8
27. Nb7 Rb8 28. Nc5 fxe4 29. Nxe4 Rbc8 30. Ne7 Rc2 31. Nxg6+ Kg8 32. Nxf8 Kxf8
33. a4 a5 34. g3 Ke7 35. Re3 Ke6 36. Rd3 Bf8 37. Kg2 Rb2 38. h4 Be7 39. Kf3 Rb1
40. Kg4 Re1 41. f3 Rc1 42. Rc3 Rd1 43. Rc6+ Kf7 44. Ra6 Bb4 45. Kf5 Rd3 46.
Kxe5 Rxf3 47. Ng5+ Ke7 48. Nxf3 Kd8 49. Ra7 Bc5 50. Rh7 Ke8 51. Ke6 Kf8 52. Ne5
Kg8 53. Rf7 Bb4 54. h5 Be1 55. h6 1-0

[Event "WMSG Blitz Team 1st"]
[Site "Beijing"]
[Date "2008.10.13"]
[Round "2"]
[White "Gyimesi, Zoltan"]
[Black "Mekhitarian, Krikor Sevag"]
[Result "1-0"]
[WhiteElo "2592"]
[BlackElo "2511"]
[PlyCount "89"]
[EventDate "2008.10.13"]
[EventType "tourn (blitz)"]
[EventRounds "11"]
[EventCountry "CHN"]
[SourceTitle "CBM 126 Extra"]
[Source "ChessBase"]
[SourceDate "2008.11.05"]
[SourceVersion "1"]
[SourceVersionDate "2008.11.05"]
[SourceQuality "1"]

1. d4 Nf6 2. c4 g6 3. Nc3 d5 4. Nf3 Bg7 5. Qb3 dxc4 6. Qxc4 O-O 7. e4 a6 8. Be2
b5 9. Qb3 Bb7 10. e5 Nd5 11. a4 Nxc3 12. bxc3 Bd5 13. Qb1 c6 14. O-O Nd7 15.
Ba3 Nb6 16. axb5 cxb5 17. Rc1 Qc7 18. Qb4 e6 19. Qa5 Rfc8 20. Bd6 Qc6 21. Ne1
Nc4 22. Bxc4 Qxc4 23. Qb4 Qe2 24. Rc2 Qg4 25. h3 Qf4 26. Re2 Qg5 27. Re3 Bh6
28. Be7 Qf5 29. Re2 Bc4 30. Rb2 Bf4 31. Bf6 g5 32. Qd6 a5 33. g3 Qxh3 34. gxf4
gxf4 35. f3 Qf1+ 36. Kh2 Be2 37. Bh4 Kh8 38. Qe7 Rg8 39. Bf6+ Rg7 40. Bxg7+ Kg8
41. Qg5 Qf2+ 42. Qg2 Qh4+ 43. Kg1 Qh5 44. Bf6+ Qg6 45. Rxe2 1-0

[Event "WMSG Blitz Team 1st"]
[Site "Beijing"]
[Date "2008.10.13"]
[Round "3"]
[White "Mekhitarian, Krikor Sevag"]
[Black "Neubauer, Martin"]
[Result "1-0"]
[WhiteElo "2511"]
[BlackElo "2422"]
[PlyCount "28"]
[EventDate "2008.10.13"]
[EventType "tourn (blitz)"]
[EventRounds "11"]
[EventCountry "CHN"]
[SourceTitle "CBM 126 Extra"]
[Source "ChessBase"]
[SourceDate "2008.11.05"]
[SourceVersion "1"]
[SourceVersionDate "2008.11.05"]
[SourceQuality "1"]

1. e4 e5 2. Nf3 Nc6 3. Bb5 Nf6 4. O-O Nxe4 5. d4 Nd6 6. Bxc6 dxc6 7. dxe5 Nf5
8. Qxd8+ Kxd8 9. Nc3 Ke8 10. h3 Be7 11. g4 Bh4 12. Kg2 h5 13. Bf4 Be7 14. a3
Be6 1-0